|
|
|
|
| LEADER |
00000nab a2200000 ar4500 |
| 001 |
vtls008409927 |
| 003 |
SK-MaSNL |
| 005 |
20260318122048.0 |
| 008 |
051116c2004 xo |||||||b| |000 b|hun |
| 015 |
|
|
|a SNBRB2005/11
|2 snkbucl
|
| 038 |
|
|
|a SNKBUCL
|
| 040 |
|
|
|a DSZK
|b slo
|c DSZK
|e AACR2
|
| 041 |
0 |
|
|a hun
|b eng
|
| 044 |
|
|
|a xo
|c SK
|
| 080 |
|
|
|a 94(437)
|x "1921"
|2 UDC-MRF-SK2
|
| 080 |
|
|
|a 327(437:439)
|x "1921"
|2 UDC-MRF-SK2
|
| 080 |
|
|
|a 94(439)
|x "1921"
|2 UDC-MRF-SK2
|
| 080 |
|
|
|a 94(4-191.2)
|x "19"
|2 UDC-MRF-SK2
|
| 080 |
|
|
|a 327(439:437)
|x "1921"
|2 UDC-MRF-SK2
|
| 080 |
|
|
|a 341.71(437)
|x "1921"
|2 UDC-MRF-SK2
|
| 100 |
1 |
|
|a Tóth, Endre
|d 1975-
|4 aut
|9 844332
|
| 245 |
1 |
0 |
|a A csehszlovák diplomácia és Habsburg Károly első restaurációs kísérlete Magyarországon
|b (1921. március 26-április 5.)
|n (2. rész)
|c Tóth Endre
|
| 504 |
|
|
|a Bibliogr. odkazy
|
| 546 |
|
|
|a Res. angl.
|
| 648 |
|
7 |
|a 1921
|2 snkbucl
|9 298079
|
| 650 |
0 |
7 |
|a medzinárodné vzťahy
|z Česko-Slovensko
|z Maďarsko
|y 1921
|2 snkbucl
|9 1590041
|
| 650 |
0 |
7 |
|a zahraničná politika
|z Maďarsko
|y 1921
|2 snkbucl
|9 1590044
|
| 650 |
0 |
7 |
|a zahraničná politika
|z Slovensko
|y 1921
|2 snkbucl
|9 1590896
|
| 651 |
|
7 |
|a Československo
|2 snkbucl
|9 21376
|
| 651 |
|
7 |
|a Maďarsko
|2 snkbucl
|9 16754
|
| 773 |
0 |
|
|t Fórum társadalomtudományi szemle
|g Évf. VII, sz. 3 (2005), o. 15-26
|x 1335-4361
|
| 852 |
|
|
|a SNK
|b KIS3GCP
|
| 852 |
|
|
|a DSZK
|b KIS3GCP
|
| 958 |
|
|
|a HU
|
| 958 |
|
|
|a SK
|
| 958 |
|
|
|a NB
|
| 958 |
|
|
|a CZ
|
| 999 |
|
|
|c 3263521
|d 3265451
|